[Event "NB I. Charousek csoport"]
[Site "Szombathely"]
[Date "2023.11.26"]
[Round "4.4"]
[White "Trbojevic, Mladen"]
[Black "Amrein, Roland"]
[Result "1-0"]
[WhiteElo "2325"]
[BlackElo "2185"]
[PlyCount "53"]
[EventDate "2023.10.08"]
[EventType "team-tourn"]
[EventRounds "11"]
[EventCountry "HUN"]
[Source "chess.hu"]
[WhiteTeam "Haladas VSE II."]
[BlackTeam "Komloi BSK"]
[WhiteTeamCountry "HUN"]
[BlackTeamCountry "HUN"]

1. e4 Nf6 2. Nc3 d5 3. e5 d4 4. exf6 dxc3 5. fxg7 cxd2+ 6. Bxd2 Bxg7 7. Qf3 Be6
8. Bc3 Bxc3+ 9. Qxc3 Rg8 10. Ne2 Qd5 11. Nd4 c6 12. O-O-O Nd7 13. Nxe6 Qxe6 14.
Bc4 Qf6 15. Qe3 Ne5 16. Bb3 Rxg2 17. f4 Ng6 18. Rhf1 Rxh2 19. f5 Nf8 20. Qg3
Qh6+ 21. Kb1 Rc8 22. f6 Rh3 23. Qe5 Qe3 24. Bxf7+ Kxf7 25. fxe7+ Kg8 26.
exf8=Q+ Rxf8 27. Rg1+ 1-0

[Event "NB I. Charousek csoport"]
[Site "Szombathely"]
[Date "2023.11.26"]
[Round "4.5"]
[White "Kresz, Adam"]
[Black "Nagy, Bence"]
[Result "0-1"]
[WhiteElo "2163"]
[BlackElo "2300"]
[PlyCount "90"]
[EventDate "2023.10.08"]
[EventType "team-tourn"]
[EventRounds "11"]
[EventCountry "HUN"]
[Source "chess.hu"]
[WhiteTeam "Komloi BSK"]
[BlackTeam "Haladas VSE II."]
[WhiteTeamCountry "HUN"]
[BlackTeamCountry "HUN"]

1. e4 e6 2. d3 d5 3. Nd2 c5 4. Ngf3 Nc6 5. g3 Nf6 6. Bg2 Be7 7. O-O O-O 8. e5
Nd7 9. Re1 Kh8 10. h4 f6 11. exf6 Nxf6 12. c4 Ng4 13. cxd5 exd5 14. Nf1 Bf6 15.
Be3 Bxb2 16. Bxc5 Bxa1 17. Qxa1 Re8 18. Ng5 Rxe1 19. Qxe1 Nh6 20. Ne3 d4 21.
Nc4 Bf5 22. Ne5 Nxe5 23. Qxe5 Qd7 24. Qxd4 Rd8 25. Qxd7 Rxd7 26. Bxa7 Rxd3 27.
Bf3 Ra3 28. Bc5 Ra5 29. Bd6 Ra6 30. Bc5 b6 31. Bd4 b5 32. Be2 Bd7 33. Bc5 Rxa2
34. Bd3 Bf5 35. Nf7+ Nxf7 36. Bxf5 Ne5 37. Kg2 Ra4 38. Be6 Nd3 39. Be3 b4 40.
Kf3 Ra6 41. Bd5 Ra5 42. Be6 Nc5 43. Bf7 b3 44. Bd4 b2 45. Bxb2 Na4 0-1

[Event "NB I. Charousek csoport"]
[Site "Szombathely"]
[Date "2023.11.26"]
[Round "4.6"]
[White "Sardy, Peter Dr"]
[Black "Benedek, Istvan"]
[Result "1/2-1/2"]
[WhiteElo "2380"]
[BlackElo "2118"]
[PlyCount "139"]
[EventDate "2023.10.08"]
[EventType "team-tourn"]
[EventRounds "11"]
[EventCountry "HUN"]
[Source "chess.hu"]
[WhiteTeam "Haladas VSE II."]
[BlackTeam "Komloi BSK"]
[WhiteTeamCountry "HUN"]
[BlackTeamCountry "HUN"]

1. e4 c5 2. Nc3 e6 3. d4 cxd4 4. Qxd4 Nc6 5. Qe3 Nf6 6. Nf3 d5 7. Bb5 Bb4 8.
O-O O-O 9. exd5 exd5 10. Qd3 h6 11. Ba4 Qa5 12. Bb3 Bxc3 13. bxc3 Be6 14. Nd4
Rac8 15. Bd2 Ne4 16. Be1 Ne5 17. Qe2 Nc4 18. Nxe6 fxe6 19. Rd1 Qc5 20. Rd4 b5
21. Kh1 e5 22. Rd3 Rc7 23. f3 Rcf7 24. Rg1 Nf6 25. Bh4 Nh5 26. Bg3 Rf5 27. Bf2
Qc6 28. Bxc4 bxc4 29. Re3 Nf4 30. Qd2 Rh5 31. Bg3 Qg6 32. Qe1 Qf5 33. Bxf4 exf4
34. g4 fxg3 35. Qxg3 Rg5 36. Qf2 Qf4 37. Rxg5 Qxg5 38. Qe1 Qf4 39. Qd2 Kh7 40.
Qd4 Qf7 41. Qe5 Qd7 42. Qd4 Qh3 43. Qd1 Rf5 44. Qe2 a5 45. a4 Rf6 46. Qd1 Rg6
47. Qe2 Qd7 48. Re5 Qxa4 49. Rxd5 Qa1+ 50. Rd1 Qxc3 51. Qe4 a4 52. Rg1 Qf6 53.
Rxg6 Qxg6 54. Qxc4 a3 55. Qa4 Qd6 56. h4 Qc5 57. Kg2 Qe3 58. Qc4 Qa7 59. Qa2
Qa4 60. h5 Qb4 61. Qd5 Qa4 62. Qf5+ Kg8 63. Qe6+ Kf8 64. Qd6+ Kf7 65. Qg6+ Kf8
66. Qd6+ Kg8 67. Qe6+ Kh8 68. Qc8+ Kh7 69. Qf5+ Kg8 70. Qe6+ 1/2-1/2

[Event "NB I. Charousek csoport"]
[Site "Szombathely"]
[Date "2023.11.26"]
[Round "4.7"]
[White "Kresz, Tamas"]
[Black "Farkas, Gabor"]
[Result "0-1"]
[WhiteElo "2131"]
[BlackElo "2286"]
[PlyCount "78"]
[EventDate "2023.10.08"]
[EventType "team-tourn"]
[EventRounds "11"]
[EventCountry "HUN"]
[Source "chess.hu"]
[WhiteTeam "Komloi BSK"]
[BlackTeam "Haladas VSE II."]
[WhiteTeamCountry "HUN"]
[BlackTeamCountry "HUN"]

1. b3 Nf6 2. Bb2 g6 3. Nf3 Bg7 4. g3 d6 5. d4 Bf5 6. Bg2 Nc6 7. O-O Qd7 8. c4
Bh3 9. d5 Nb8 10. e4 Bxg2 11. Kxg2 Na6 12. e5 Nh5 13. Re1 O-O 14. Nc3 dxe5 15.
Nxe5 Qf5 16. Nb5 Rad8 17. g4 Qg5 18. h4 Qxh4 19. gxh5 c6 20. Nc3 gxh5 21. Qf3
Nb4 22. Re4 Qg5+ 23. Qg3 Qf5 24. Nf3 Kh8 25. Nh4 Qc8 26. Kh2 Rg8 27. Qh3 Qc7+
28. Qg3 Qc8 29. Qh3 Qxh3+ 30. Kxh3 Nd3 31. Nd1 Bxb2 32. Nxb2 Nxf2+ 33. Kh2 Nxe4
34. Nf5 cxd5 35. Nd3 dxc4 36. Ne5 Rd2+ 37. Kh3 Ng5+ 38. Kh4 f6 39. Nxc4 Nf3+
0-1

[Event "NB I. Charousek csoport"]
[Site "Szombathely"]
[Date "2023.11.26"]
[Round "4.8"]
[White "Krstic, Uros"]
[Black "Solty, Laszlo"]
[Result "1/2-1/2"]
[WhiteElo "2331"]
[BlackElo "2053"]
[PlyCount "50"]
[EventDate "2023.10.08"]
[EventType "team-tourn"]
[EventRounds "11"]
[EventCountry "HUN"]
[Source "chess.hu"]
[WhiteTeam "Haladas VSE II."]
[BlackTeam "Komloi BSK"]
[WhiteTeamCountry "HUN"]
[BlackTeamCountry "HUN"]

1. e4 c5 2. Nc3 Nc6 3. Bb5 Nd4 4. Nf3 Nxb5 5. Nxb5 a6 6. Nc3 e6 7. d4 cxd4 8.
Qxd4 Ne7 9. Bf4 Nc6 10. Qd2 Bb4 11. a3 Be7 12. Bd6 O-O 13. O-O-O b5 14. Bxe7
Qxe7 15. Qd6 Qf6 16. Rhe1 Qg6 17. g3 Qh5 18. Re3 Na5 19. b3 Nb7 20. Qc7 d6 21.
e5 d5 22. Ne2 f6 23. exf6 gxf6 24. Nf4 Qf7 25. Qb6 Nd8 1/2-1/2

[Event "NB I. Charousek csoport"]
[Site "Szombathely"]
[Date "2023.11.26"]
[Round "4.9"]
[White "Lantos, Levente"]
[Black "Lakos, Nikoletta"]
[Result "1/2-1/2"]
[WhiteElo "2079"]
[BlackElo "2212"]
[PlyCount "28"]
[EventDate "2023.10.08"]
[EventType "team-tourn"]
[EventRounds "11"]
[EventCountry "HUN"]
[Source "chess.hu"]
[WhiteTeam "Komloi BSK"]
[BlackTeam "Haladas VSE II."]
[WhiteTeamCountry "HUN"]
[BlackTeamCountry "HUN"]

1. d4 Nf6 2. c4 d6 3. Nc3 c6 4. e4 e5 5. d5 Be7 6. Bd3 Na6 7. Nge2 O-O 8. Ng3
Ne8 9. O-O Bg5 10. a3 Nac7 11. b4 g6 12. Qc2 Bd7 13. f4 exf4 14. Bxf4 Qe7
1/2-1/2

[Event "NB I. Charousek csoport"]
[Site "Szombathely"]
[Date "2023.11.26"]
[Round "4.10"]
[White "Csontos, Aron"]
[Black "Juhasz, Zoltan"]
[Result "1-0"]
[WhiteElo "2158"]
[BlackElo "2030"]
[PlyCount "137"]
[EventDate "2023.10.08"]
[EventType "team-tourn"]
[EventRounds "11"]
[EventCountry "HUN"]
[Source "chess.hu"]
[WhiteTeam "Haladas VSE II."]
[BlackTeam "Komloi BSK"]
[WhiteTeamCountry "HUN"]
[BlackTeamCountry "HUN"]

1. e4 e6 2. d4 d5 3. Nd2 Nf6 4. e5 Nfd7 5. c3 c5 6. f4 Nc6 7. Ndf3 Qb6 8. g3
Be7 9. Ne2 O-O 10. Bh3 cxd4 11. cxd4 f5 12. g4 g6 13. gxf5 gxf5 14. Rg1+ Kh8
15. Ng5 Bxg5 16. Rxg5 Rg8 17. Rxg8+ Kxg8 18. Kf2 Qd8 19. Qg1+ Kf7 20. Qg3 Qg8
21. Qh4 Ne7 22. Bd2 Ng6 23. Qg5 Qf8 24. Qh5 Kg7 25. Rc1 Qe7 26. Ke3 Nb6 27. b3
Bd7 28. a4 Rc8 29. a5 Rxc1 30. Nxc1 Nc8 31. Nd3 b6 32. Bb4 Qh4 33. Qf3 Bb5 34.
axb6 axb6 35. Be1 Qh6 36. Nf2 Nce7 37. Qg3 Nc6 38. Bg2 Na5 39. Bxa5 bxa5 40.
Nh3 Qh4 41. Ng5 Qxg3+ 42. hxg3 Nf8 43. Kd2 h6 44. Nf3 Nd7 45. Kc3 Kf7 46. Nd2
Nb8 47. b4 Nc6 48. bxa5 Nxa5 49. Kb4 Nc4 50. Nb3 Ne3 51. Bf3 Bd3 52. Kc3 Bc2
53. Nc5 Bd1 54. Kd2 Bxf3 55. Kxe3 Bh5 56. Kd3 Ke7 57. Kc3 Bf7 58. Kb4 Be8 59.
Ka5 Bf7 60. Kb6 Kd8 61. Kc6 Ke7 62. Kc7 Be8 63. Nb7 Ba4 64. Nd8 Bd7 65. Nc6+
Ke8 66. Kd6 Bc8 67. Nb4 Bd7 68. Na6 Bc8 69. Nc5 1-0

[Event "NB I. Charousek csoport"]
[Site "Szombathely"]
[Date "2023.11.26"]
[Round "4.11"]
[White "Majnay, Peter"]
[Black "Egri, Laszlo Jr"]
[Result "0-1"]
[WhiteElo "1934"]
[BlackElo "2235"]
[PlyCount "66"]
[EventDate "2023.10.08"]
[EventType "team-tourn"]
[EventRounds "11"]
[EventCountry "HUN"]
[Source "chess.hu"]
[WhiteTeam "Komloi BSK"]
[BlackTeam "Haladas VSE II."]
[WhiteTeamCountry "HUN"]
[BlackTeamCountry "HUN"]

1. e4 c5 2. Nf3 e6 3. c3 Nf6 4. e5 Nd5 5. g3 Nc6 6. Bg2 Be7 7. O-O O-O 8. d4
cxd4 9. cxd4 d6 10. Re1 Bd7 11. Nbd2 dxe5 12. dxe5 Ncb4 13. Nf1 Rc8 14. Nd4 Bc5
15. Bxd5 exd5 16. Ne3 Qb6 17. a3 Bxd4 18. axb4 Be6 19. Qb3 Rfd8 20. Nd1 Bc5 21.
Bd2 d4 22. Qa4 Be7 23. Qxa7 Qxa7 24. Rxa7 Rc2 25. Rxb7 Rxd2 26. Rxe7 Bb3 27.
Nc3 Rxb2 28. Ne4 d3 29. f4 Kf8 30. Rc7 d2 31. Nxd2 Rdxd2 32. e6 Bxe6 33. f5
Bxf5 0-1

[Event "NB I. Charousek csoport"]
[Site "Szombathely"]
[Date "2023.11.26"]
[Round "4.12"]
[White "Apro, Barnabas"]
[Black "Csiszar, Viktoria"]
[Result "1/2-1/2"]
[WhiteElo "2024"]
[BlackElo "1822"]
[PlyCount "50"]
[EventDate "2023.10.08"]
[EventType "team-tourn"]
[EventRounds "11"]
[EventCountry "HUN"]
[Source "chess.hu"]
[WhiteTeam "Haladas VSE II."]
[BlackTeam "Komloi BSK"]
[WhiteTeamCountry "HUN"]
[BlackTeamCountry "HUN"]

1. e4 d6 2. d4 Nf6 3. Nc3 Nbd7 4. Bc4 e5 5. Nf3 Be7 6. a4 O-O 7. O-O c6 8. Re1
Qc7 9. Ba2 a5 10. h3 Re8 11. Be3 Nf8 12. Ng5 Ne6 13. Nxe6 Bxe6 14. Bxe6 fxe6
15. dxe5 dxe5 16. Qd3 Bb4 17. Bg5 Qf7 18. Qg3 Bc5 19. Re2 Bd4 20. Bxf6 Qxf6 21.
Nd1 Rad8 22. Qb3 Rd7 23. Ne3 Bxe3 24. Qxe3 Qd8 25. Rae1 Rd4 1/2-1/2

[Event "NB I. Charousek csoport"]
[Site "Gyor"]
[Date "2023.11.26"]
[Round "4.1"]
[White "Juhasz, Agoston"]
[Black "Vertetics, Attila"]
[Result "1-0"]
[WhiteElo "2401"]
[BlackElo "2459"]
[PlyCount "55"]
[EventDate "2023.10.08"]
[EventType "team-tourn"]
[EventRounds "11"]
[EventCountry "HUN"]
[Source "chess.hu"]
[WhiteTeam "MTK Budapest"]
[BlackTeam "Gyori Elektromos"]
[WhiteTeamCountry "HUN"]
[BlackTeamCountry "HUN"]

1. e4 c6 2. d4 d5 3. Nc3 g6 4. e5 f6 5. Bf4 Bg7 6. Qd2 Nd7 7. Nf3 Nf8 8. h3 Ne6
9. Be3 fxe5 10. dxe5 d4 11. Nxd4 Bxe5 12. O-O-O Nxd4 13. Bxd4 Qxd4 14. Qxd4
Bxd4 15. Rxd4 Be6 16. Bd3 Nf6 17. Re1 Bd5 18. g4 Rd8 19. g5 Nh5 20. Be2 Rf8 21.
Bxh5 gxh5 22. Ne4 Rf3 23. Nf6+ Kf7 24. Nxh5 Rg8 25. h4 Rxf2 26. c4 Bf3 27. Rf4+
Kg6 28. Re6+ 1-0

[Event "NB I. Charousek csoport"]
[Site "Gyor"]
[Date "2023.11.26"]
[Round "4.2"]
[White "Ezsol, Miklos"]
[Black "Papp, Levente"]
[Result "0-1"]
[WhiteElo "2326"]
[BlackElo "2335"]
[PlyCount "52"]
[EventDate "2023.10.08"]
[EventType "team-tourn"]
[EventRounds "11"]
[EventCountry "HUN"]
[Source "chess.hu"]
[WhiteTeam "Gyori Elektromos"]
[BlackTeam "MTK Budapest"]
[WhiteTeamCountry "HUN"]
[BlackTeamCountry "HUN"]

1. d4 d5 2. c4 e6 3. Nf3 Nf6 4. cxd5 exd5 5. Nc3 Bb4 6. Qa4+ Nc6 7. Bg5 O-O 8.
a3 Bxc3+ 9. bxc3 h6 10. Bf4 Ne4 11. Rc1 Ne7 12. h4 Ng6 13. Be3 h5 14. Nd2 Nd6
15. f3 Re8 16. Bf2 Nf4 17. e3 Nf5 18. e4 Bd7 19. Qb3 dxe4 20. fxe4 Bc6 21. Kd1
Qd7 22. Qb1 Nd6 23. e5 Qg4+ 24. Kc2 Ne4 25. Be3 Nd5 26. Bg5 Nexc3 0-1

[Event "NB I. Charousek csoport"]
[Site "Gyor"]
[Date "2023.11.26"]
[Round "4.3"]
[White "Ongut, Tamas Gunes"]
[Black "Farkas, Lajos Dr"]
[Result "1/2-1/2"]
[WhiteElo "2298"]
[BlackElo "2191"]
[PlyCount "80"]
[EventDate "2023.10.08"]
[EventType "team-tourn"]
[EventRounds "11"]
[EventCountry "HUN"]
[Source "chess.hu"]
[WhiteTeam "MTK Budapest"]
[BlackTeam "Gyori Elektromos"]
[WhiteTeamCountry "HUN"]
[BlackTeamCountry "HUN"]

1. Nf3 b5 2. e4 Bb7 3. Bxb5 Bxe4 4. O-O Nf6 5. Re1 c6 6. Bf1 e6 7. Nc3 Bg6 8.
Ne5 d6 9. Nxg6 hxg6 10. d4 d5 11. Bg5 Nbd7 12. g3 Rb8 13. Rb1 Bd6 14. Bg2 Qb6
15. a3 a5 16. h4 O-O 17. Ne2 c5 18. c3 Rfc8 19. Qd2 a4 20. dxc5 Bxc5 21. Nd4
Bxd4 22. cxd4 Rc4 23. Be3 Ng4 24. Rec1 Nxe3 25. fxe3 Rxc1+ 26. Qxc1 Nf6 27. Bf3
Qa6 28. Qd2 Rb3 29. Rc1 Qb7 30. Rc2 Kh7 31. Kg2 Qb5 32. Be2 Qb8 33. Bf3 Ne8 34.
Be2 Nf6 35. Bf3 Ng8 36. Qf2 Nh6 37. g4 e5 38. dxe5 Qxe5 39. Rd2 Qe6 40. Rd4 Qb6
1/2-1/2

[Event "NB I. Charousek csoport"]
[Site "Gyor"]
[Date "2023.11.26"]
[Round "4.4"]
[White "Schmikli, Laszlo"]
[Black "Kovacsy, Barnabas"]
[Result "0-1"]
[WhiteElo "2171"]
[BlackElo "2261"]
[PlyCount "88"]
[EventDate "2023.10.08"]
[EventType "team-tourn"]
[EventRounds "11"]
[EventCountry "HUN"]
[Source "chess.hu"]
[WhiteTeam "Gyori Elektromos"]
[BlackTeam "MTK Budapest"]
[WhiteTeamCountry "HUN"]
[BlackTeamCountry "HUN"]

1. d4 Nf6 2. Nc3 d5 3. Bg5 Nbd7 4. Qd2 e6 5. f3 c5 6. e3 a6 7. Nge2 b5 8. h4
Bb7 9. Bf4 Nb6 10. Nd1 Nc4 11. Qc1 Nh5 12. b3 Nxf4 13. Nxf4 Nb6 14. Qb2 cxd4
15. exd4 Bd6 16. Ne2 Rc8 17. Ne3 Qe7 18. g3 O-O 19. Bh3 b4 20. O-O a5 21. Rf2
Ba6 22. Bf1 Bxe2 23. Rxe2 Bxg3 24. Nf5 Qc7 25. Nxg3 Qxg3+ 26. Rg2 Qxh4 27. Bd3
Rc3 28. Rg4 Qh6 29. Re1 Nd7 30. Re2 Nf6 31. Rg3 Nh5 32. Rh3 Qg5+ 33. Rg2 Qe3+
34. Kh1 Rxd3 35. Rxh5 Rd1+ 36. Kh2 Qf4+ 37. Rg3 Rh1+ 38. Kxh1 Qxg3 39. Rh2
Qxf3+ 40. Rg2 Rc8 41. a3 bxa3 42. Qa2 Qf1+ 43. Kh2 Qf4+ 44. Kh1 Qc1+ 0-1

[Event "NB I. Charousek csoport"]
[Site "Gyor"]
[Date "2023.11.26"]
[Round "4.5"]
[White "Geher, Koppany"]
[Black "Borzsei, Andras"]
[Result "1/2-1/2"]
[WhiteElo "2252"]
[BlackElo "2036"]
[PlyCount "183"]
[EventDate "2023.10.08"]
[EventType "team-tourn"]
[EventRounds "11"]
[EventCountry "HUN"]
[Source "chess.hu"]
[WhiteTeam "MTK Budapest"]
[BlackTeam "Gyori Elektromos"]
[WhiteTeamCountry "HUN"]
[BlackTeamCountry "HUN"]

1. e4 c5 2. Nf3 e6 3. d4 cxd4 4. Nxd4 Nc6 5. Nc3 Qc7 6. Be3 a6 7. a3 b5 8. Nxc6
Qxc6 9. Be2 Bb7 10. O-O Rc8 11. Qd2 Nf6 12. Bf3 Qd6 13. Qd3 Qxd3 14. cxd3 Be7
15. Rfc1 O-O 16. e5 Nd5 17. Nxd5 Bxd5 18. Bxd5 exd5 19. b4 d6 20. exd6 Bxd6 21.
Bc5 Bxc5 22. Rxc5 Rxc5 23. bxc5 d4 24. g4 f5 25. gxf5 Rc8 26. Rc1 Kf7 27. Kg2
Kf6 28. f4 Kxf5 29. Kf3 Rc6 30. Rg1 Kf6 31. Rc1 Kf5 32. Rg1 Kf6 33. Rg5 Re6 34.
Kf2 Rc6 35. Rd5 a5 36. Kf3 b4 37. axb4 axb4 38. Rxd4 Rxc5 39. Rxb4 g5 40. Rb6+
Kg7 41. fxg5 Rxg5 42. Rb4 Rh5 43. h4 Kf6 44. Re4 Ra5 45. Kf4 Ra1 46. Rb4 Ra5
47. Rb6+ Kf7 48. Rd6 Rh5 49. Kg4 Ra5 50. Rd4 Ke6 51. Re4+ Kf6 52. Kf4 Ra1 53.
Ke3 Kf5 54. Rf4+ Ke6 55. Rb4 Rh1 56. Ra4 Rh3+ 57. Kd2 h5 58. Re4+ Kd5 59. Kc3
Rh1 60. Ra4 Ke6 61. Rb4 Kd6 62. Rc4 Ke6 63. Ra4 Kd6 64. Ra6+ Kd7 65. Kd4 Rxh4+
66. Ke5 Rg4 67. Rh6 Rg5+ 68. Ke4 Rg4+ 69. Kd5 Rg5+ 70. Kc4 Rg4+ 71. d4 Rg5 72.
Ra6 Rf5 73. Rg6 Ra5 74. Kd3 Rb5 75. Ke4 Ra5 76. Rg7+ Kd6 77. Rh7 Rb5 78. Rh6+
Kd7 79. d5 Rb1 80. Rxh5 Re1+ 81. Kd4 Rd1+ 82. Ke5 Re1+ 83. Kf6 Rf1+ 84. Rf5
Rxf5+ 85. Kxf5 Kd6 86. Ke4 Kd7 87. Ke5 Ke7 88. d6+ Kd7 89. Kd5 Kd8 90. Ke6 Ke8
91. d7+ Kd8 92. Kd6 1/2-1/2

[Event "NB I. Charousek csoport"]
[Site "Gyor"]
[Date "2023.11.26"]
[Round "4.6"]
[White "Solymosi, Istvan"]
[Black "Fodor, Balazs"]
[Result "0-1"]
[WhiteElo "2126"]
[BlackElo "2198"]
[PlyCount "72"]
[EventDate "2023.10.08"]
[EventType "team-tourn"]
[EventRounds "11"]
[EventCountry "HUN"]
[Source "chess.hu"]
[WhiteTeam "Gyori Elektromos"]
[BlackTeam "MTK Budapest"]
[WhiteTeamCountry "HUN"]
[BlackTeamCountry "HUN"]

1. d4 Nf6 2. c4 g6 3. Nc3 Bg7 4. e4 d6 5. f4 c5 6. dxc5 Qa5 7. Qa4+ Qxa4 8.
Nxa4 Nxe4 9. cxd6 Bd7 10. Bd3 Nxd6 11. Nc5 Bc6 12. Nf3 O-O 13. O-O b6 14. Nb3
Nd7 15. Nfd4 Bb7 16. Be3 Rac8 17. Rac1 e5 18. Nb5 Nxb5 19. cxb5 exf4 20. Bxf4
Bxb2 21. Rcd1 Ne5 22. Bb1 Rcd8 23. Rde1 Rfe8 24. Be4 Bxe4 25. Rxe4 Nd3 26.
Rxe8+ Rxe8 27. Bg3 Be5 28. Bh4 Rc8 29. Rd1 Nf4 30. Rd2 Ne6 31. Bf2 Rc4 32. g3
Kf8 33. Kf1 Ke7 34. Re2 f6 35. Rd2 Rb4 36. Kg2 Rxb5 0-1

[Event "NB I. Charousek csoport"]
[Site "Gyor"]
[Date "2023.11.26"]
[Round "4.7"]
[White "Terbe, Zsuzsanna"]
[Black "Zoldi, Zoltan"]
[Result "1-0"]
[WhiteElo "2195"]
[BlackElo "2102"]
[PlyCount "77"]
[EventDate "2023.10.08"]
[EventType "team-tourn"]
[EventRounds "11"]
[EventCountry "HUN"]
[Source "chess.hu"]
[WhiteTeam "MTK Budapest"]
[BlackTeam "Gyori Elektromos"]
[WhiteTeamCountry "HUN"]
[BlackTeamCountry "HUN"]

1. d4 Nf6 2. c4 c5 3. d5 b5 4. Qc2 g6 5. e4 d6 6. Nf3 Bg7 7. cxb5 a6 8. Nc3 O-O
9. Be2 axb5 10. Nxb5 Na6 11. Bd2 Nc7 12. O-O Nxb5 13. Bxb5 Ba6 14. Bxa6 Rxa6
15. Bc3 Qa8 16. a4 Rb8 17. Rfe1 Qb7 18. Nd2 Nd7 19. Bxg7 Kxg7 20. b3 Qb4 21.
Re3 Ne5 22. Rc1 Kg8 23. h3 Qb6 24. Qc3 Qb4 25. Qc2 Qb6 26. Kh2 h6 27. Rg3 Nd7
28. Nc4 Qb7 29. f4 Nf6 30. Qe2 Kh7 31. Rd1 Ra7 32. Qd3 Qc7 33. e5 Nh5 34. Rf3
Rab7 35. Rb1 Ng7 36. g4 Rb4 37. exd6 exd6 38. f5 Qe7 39. f6 1-0

[Event "NB I. Charousek csoport"]
[Site "Gyor"]
[Date "2023.11.26"]
[Round "4.8"]
[White "Horvath, Tamas"]
[Black "Virag, Balint"]
[Result "1-0"]
[WhiteElo "2095"]
[BlackElo "2134"]
[PlyCount "65"]
[EventDate "2023.10.08"]
[EventType "team-tourn"]
[EventRounds "11"]
[EventCountry "HUN"]
[Source "chess.hu"]
[WhiteTeam "Gyori Elektromos"]
[BlackTeam "MTK Budapest"]
[WhiteTeamCountry "HUN"]
[BlackTeamCountry "HUN"]

1. Nf3 Nf6 2. c4 g6 3. Nc3 d5 4. cxd5 Nxd5 5. e4 Nxc3 6. dxc3 Qxd1+ 7. Kxd1 a6
8. Bf4 c5 9. Bc4 Bg7 10. Kc2 Nd7 11. a4 e5 12. Be3 b6 13. Rhd1 O-O 14. Rd6 Rb8
15. Bxa6 Nf6 16. Bxc8 Nxe4 17. Rd5 Rbxc8 18. Nxe5 Bxe5 19. Rxe5 f5 20. Rd1 Rf7
21. Re6 Rf6 22. Rxf6 Nxf6 23. Rd6 Ng4 24. Rxb6 Nxe3+ 25. fxe3 Ra8 26. Rc6 Rxa4
27. Rxc5 f4 28. exf4 Rxf4 29. Rd5 Kf7 30. b4 Ke6 31. Rd4 Rf2+ 32. Rd2 Rf4 33.
Kb3 1-0

[Event "NB I. Charousek csoport"]
[Site "Gyor"]
[Date "2023.11.26"]
[Round "4.9"]
[White "Gergely, Daniel"]
[Black "Kiss, Balazs"]
[Result "1-0"]
[WhiteElo "2206"]
[BlackElo "1958"]
[PlyCount "117"]
[EventDate "2023.10.08"]
[EventType "team-tourn"]
[EventRounds "11"]
[EventCountry "HUN"]
[Source "chess.hu"]
[WhiteTeam "MTK Budapest"]
[BlackTeam "Gyori Elektromos"]
[WhiteTeamCountry "HUN"]
[BlackTeamCountry "HUN"]

1. d4 d5 2. c4 e6 3. Nc3 f5 4. Nf3 Nf6 5. Bf4 c6 6. e3 Be7 7. h3 O-O 8. Bd3 Ne4
9. Ne5 Nd7 10. O-O Nxe5 11. Bxe5 Bd6 12. f4 Nxc3 13. bxc3 b6 14. Qa4 Bxe5 15.
fxe5 Bd7 16. cxd5 cxd5 17. Qb3 Qg5 18. Rf4 Rac8 19. Raf1 Rc7 20. Qb4 Bc6 21. g4
g6 22. Kh2 Qe7 23. Qb2 Kh8 24. gxf5 exf5 25. c4 Rfc8 26. cxd5 Bxd5 27. Qb1 Qa3
28. R4f2 Rc1 29. Qb2 Rxf1 30. Qxa3 Rxf2+ 31. Kg3 Rg2+ 32. Kf4 Kg8 33. e6 Bxe6
34. Qxa7 Rf2+ 35. Ke5 Bxa2 36. Qd7 Rf8 37. d5 f4 38. Qe6+ Kg7 39. exf4 R2xf4
40. Qxb6 Rf2 41. d6 Re8+ 42. Kd4 Rf4+ 43. Kc3 Be6 44. Qe3 Rf7 45. Bc4 Bd7 46.
Qa7 Rc8 47. Qd4+ Rf6 48. Kb4 Rc6 49. h4 Rcxd6 50. Qe5 Bf5 51. Qe7+ Kh6 52. Qe3+
Kg7 53. Qe7+ Kh8 54. Kc3 Bd7 55. Bf7 Rc6+ 56. Kd4 Rfd6+ 57. Bd5 Rxd5+ 58. Kxd5
Be6+ 59. Kxc6 1-0

[Event "NB I. Charousek csoport"]
[Site "Gyor"]
[Date "2023.11.26"]
[Round "4.10"]
[White "Pesti, Mate"]
[Black "Kaloczi, Kristof"]
[Result "1/2-1/2"]
[WhiteElo "1957"]
[BlackElo "2096"]
[PlyCount "41"]
[EventDate "2023.10.08"]
[EventType "team-tourn"]
[EventRounds "11"]
[EventCountry "HUN"]
[Source "chess.hu"]
[WhiteTeam "Gyori Elektromos"]
[BlackTeam "MTK Budapest"]
[WhiteTeamCountry "HUN"]
[BlackTeamCountry "HUN"]

1. e4 b6 2. d4 Bb7 3. Bd3 e6 4. Nf3 d5 5. e5 Ba6 6. Bxa6 Nxa6 7. c4 c6 8. cxd5
Qxd5 9. O-O Qd7 10. Qa4 Nc7 11. Nc3 Ne7 12. Ne4 Ned5 13. Bd2 a5 14. Rfc1 Nb5
15. Qc4 Rc8 16. a4 Na7 17. Qd3 h6 18. Bc3 Be7 19. Nfd2 O-O 20. Nc4 Rc7 21. Rc2
1/2-1/2

[Event "NB I. Charousek csoport"]
[Site "Gyor"]
[Date "2023.11.26"]
[Round "4.11"]
[White "Horvath, Andras"]
[Black "Papai, Mate"]
[Result "1-0"]
[WhiteElo "1851"]
[BlackElo "1808"]
[PlyCount "53"]
[EventDate "2023.10.08"]
[EventType "team-tourn"]
[EventRounds "11"]
[EventCountry "HUN"]
[Source "chess.hu"]
[WhiteTeam "MTK Budapest"]
[BlackTeam "Gyori Elektromos"]
[WhiteTeamCountry "HUN"]
[BlackTeamCountry "HUN"]

1. e4 c5 2. Nf3 e6 3. d4 cxd4 4. Nxd4 Nc6 5. Nc3 Qc7 6. Be3 a6 7. Qf3 Nf6 8.
O-O-O b5 9. Nxc6 dxc6 10. Bd4 Be7 11. e5 Nd5 12. Nxd5 cxd5 13. Qg3 Kf8 14. h4
Bd7 15. h5 Rc8 16. Bd3 h6 17. Qg4 f5 18. exf6 gxf6 19. Be3 f5 20. Qg6 f4 21.
Bd4 e5 22. Rhe1 exd4 23. Rxe7 Kxe7 24. Re1+ Be6 25. Rxe6+ Kd7 26. Qf7+ Kd8 27.
Qf6+ 1-0

[Event "NB I. Charousek csoport"]
[Site "Gyor"]
[Date "2023.11.26"]
[Round "4.12"]
[White "Molnar, Liza Dorottya"]
[Black "Kiss, Inez"]
[Result "0-1"]
[WhiteElo "1835"]
[BlackElo "1462"]
[PlyCount "84"]
[EventDate "2023.10.08"]
[EventType "team-tourn"]
[EventRounds "11"]
[EventCountry "HUN"]
[Source "chess.hu"]
[WhiteTeam "Gyori Elektromos"]
[BlackTeam "MTK Budapest"]
[WhiteTeamCountry "HUN"]
[BlackTeamCountry "HUN"]

1. e4 c6 2. d4 d5 3. exd5 cxd5 4. Bd3 Nc6 5. c3 Nf6 6. Bf4 Bg4 7. Qb3 Qd7 8.
Nd2 e6 9. Ngf3 Bxf3 10. Nxf3 Bd6 11. Ne5 Qc7 12. Bb5 O-O 13. Bxc6 bxc6 14. Bg3
Ne4 15. Nf3 Nxg3 16. hxg3 c5 17. Qc2 f5 18. O-O-O c4 19. Ng5 Qe7 20. Nxh7 Rfb8
21. Kd2 e5 22. dxe5 Bxe5 23. f4 Bc7 24. Ng5 Qc5 25. Rdf1 d4 26. Ne6 dxc3+ 27.
bxc3 Qd5+ 28. Nd4 Qxg2+ 29. Ne2 Re8 30. Kd1 Rad8+ 31. Nd4 Qxg3 32. Rhg1 Qe3 33.
Re1 Qf3+ 34. Kc1 Qxf4+ 35. Kb1 Rb8+ 36. Ka1 Bb6 37. Ref1 Qxd4 38. Rg3 Qe4 39.
Qc1 Be3 40. Qa3 Qd3 41. Rgf3 Red8 42. Rc1 Bxc1 0-1